កុមារីវាយថ្ម / (Record no. 9400)
[ view plain ]
| 000 -LEADER | |
|---|---|
| fixed length control field | 02170nam a22003137a 4500 |
| 001 - CONTROL NUMBER | |
| control field | 9400 |
| 003 - CONTROL NUMBER IDENTIFIER | |
| control field | FISKH |
| 005 - DATE AND TIME OF LATEST TRANSACTION | |
| control field | 20260105100617.0 |
| 008 - FIXED-LENGTH DATA ELEMENTS--GENERAL INFORMATION | |
| fixed length control field | 260105b cb ||||| |||| 00| 0 eng d |
| 020 ## - INTERNATIONAL STANDARD BOOK NUMBER | |
| International Standard Book Number | 9789995001803 |
| 040 ## - CATALOGING SOURCE | |
| Original cataloging agency | FISKH |
| Language of cataloging | khr |
| Transcribing agency | FISKH |
| Modifying agency | FISKH |
| 050 ## - LIBRARY OF CONGRESS CALL NUMBER | |
| Classification number | PZ7 |
| 082 ## - DEWEY DECIMAL CLASSIFICATION NUMBER | |
| Classification number | 895.932 |
| 100 ## - MAIN ENTRY--PERSONAL NAME | |
| Personal name | Bopha , Om |
| 245 ## - TITLE STATEMENT | |
| Title | កុមារីវាយថ្ម / |
| Statement of responsibility, etc. | អ្នកនិពន្ធ លោក អ៊ុំ បុប្ផា , អ្នកវាយអត្ថបទ អ្នកស្រី ហាក់ ផាន្នី |
| 260 ## - PUBLICATION, DISTRIBUTION, ETC. | |
| Place of publication, distribution, etc. | ភ្នំពេញ : |
| Name of publisher, distributor, etc. | គ្រឹះស្ថានបោះពុម្ព និង ចែកផ្សាយ ; |
| Date of publication, distribution, etc. | 2013 . |
| 300 ## - PHYSICAL DESCRIPTION | |
| Extent | 8 pages : |
| Other physical details | color illustrations ; |
| Dimensions | 17 X 17 cm . |
| 490 ## - SERIES STATEMENT | |
| Series statement | រឿងនិទានអប់រំសម្រាប់កុមារ |
| 505 ## - FORMATTED CONTENTS NOTE | |
| Formatted contents note | P <br/> |
| 520 ## - SUMMARY, ETC. | |
| Summary, etc. | មានកុមារីក្រីក្រម្នាក់ប្រកបរបរវាយថ្ម ។ ថ្ងៃមួយថ្មក៏បានរមៀលលើកុមារីនោះ ម្តាយកុមារីបានបញ្ជូនកូនទៅពេទ្យ ហើយក៏នឹកស្តាយកំហុសមិនគួរណាអោយកូនប្រកបរបរនេះ ។ ក្រោយពីនាងជាសះស្បើយម្តាយកុមារីនោះក៏បានអោយនាងចូលរៀនដូចកុមារដទៃទៀតដែរ ។ |
| 520 ## - SUMMARY, ETC. | |
| Summary, etc. | There was a poor young girl who earned a living by breaking stones. One day, a stone rolled onto her. The girl’s mother took her to the hospital and deeply regretted her mistake in allowing her daughter to do such work. After the girl recovered, her mother sent her to school like other children. |
| 521 8# - TARGET AUDIENCE NOTE | |
| Target audience note | 650 <br/> |
| Source | Lexile estimate <br/> |
| 521 8# - TARGET AUDIENCE NOTE | |
| Target audience note | P <br/> |
| Source | Raz-Plus <br/> |
| 650 ## - SUBJECT ADDED ENTRY--TOPICAL TERM | |
| Topical term or geographic name entry element | កុមារីវាយថ្ម |
| Form subdivision | រឿងនិទានកុមារ |
| 650 ## - SUBJECT ADDED ENTRY--TOPICAL TERM | |
| Topical term or geographic name entry element | The Stone-Breaking Girl |
| Form subdivision | Children's Stories |
| 700 ## - ADDED ENTRY--PERSONAL NAME | |
| Personal name | Visal , Seng |
| Relator term | Illustrator |
| 942 ## - ADDED ENTRY ELEMENTS (KOHA) | |
| Source of classification or shelving scheme | Dewey Decimal Classification |
| Koha item type | Khmer Books |
| Suppress in OPAC | No |
| Withdrawn status | Lost status | Source of classification or shelving scheme | Damaged status | Not for loan | Collection | Home library | Current library | Shelving location | Date acquired | Total Checkouts | Full call number | Barcode | Date last seen | Copy number | Price effective from | Koha item type |
|---|---|---|---|---|---|---|---|---|---|---|---|---|---|---|---|---|
| Dewey Decimal Classification | Khmer Language Books / សៀវភៅភាសាខ្មែរ | Footprints International School Library Network Toul Tom Poung Campus | Footprints International School Library Network Toul Tom Poung Campus | TTP Primary Khmer Bookshelves | 01/05/2026 | BOP PZ7 895.932 | FIS02041 | 01/05/2026 | 1 | 01/05/2026 | Khmer Books | |||||
| Dewey Decimal Classification | Khmer Language Books / សៀវភៅភាសាខ្មែរ | Footprints International School Library Network Toul Tom Poung Campus | Footprints International School Library Network Toul Tom Poung Campus | TTP Primary Khmer Bookshelves | 01/05/2026 | BOP PZ7 895.932 | FIS01651 | 01/05/2026 | 2 | 01/05/2026 | Khmer Books |
